[Event "Ciocaltea Memorial"]
[Site "Bucharest"]
[Date "1998.??.??"]
[Round "4"]
[White "Nisipeanu, Liviu Dieter"]
[Black "Badea, Bela"]
[Result "1/2-1/2"]
[WhiteElo "2610"]
[BlackElo "2545"]
[Annotator "Yudasin,L"]
[PlyCount "95"]
[EventDate "1998.02.??"]
[EventType "tourn"]
[EventRounds "13"]
[EventCountry "ROU"]
[EventCategory "11"]
[SourceTitle "CBM 064"]
[Source "ChessBase"]
[SourceDate "1998.06.02"]
[SourceVersion "1"]
[SourceVersionDate "1998.06.02"]
[SourceQuality "1"]

1. e4 d6 2. d4 Nf6 3. Nc3 g6 4. f4 Bg7 5. Nf3 O-O 6. Be3 a6 7. e5 Ng4 8. Bg1
Nh6 $5 $146 {/\Bg4} (8... dxe5 $2 9. dxe5 h5 10. Bd3 Nc6 11. Qe2 Bd7 12. O-O-O
$40 {1-0 Findlay,I-Berry,J/CAN-ch 1984 (35)}) (8... b5 $5 9. Qe2 c5 10. O-O-O
cxd4 11. Nxd4 dxe5 12. Nb3 Qe8 13. h3 Nh6 14. fxe5 Nc6 15. g4 Be6 $13 {
Khalifman,A-Svidler,P/Moscow PCA-Intel qual 1995/1/2-1/2 (60)}) (8... f6 $6 9.
h3 Nh6 10. Qe2 fxe5 11. fxe5 e6 12. g4 Nf7 13. O-O-O Nc6 14. Bg2 dxe5 15. dxe5
Qe7 16. Ne4 $14 {1-0 Hulak,K-Dizdarevic,E/Pula op 1996 (25)}) 9. h3 {[%csl Yg4]
[%cal Gh3g4]} b5 $5 {[%cal Gc8b7,Gb7h1]} 10. Bd3 Bb7 11. Qe2 c5 $5 $13 12. dxc5
(12. exd6 $2 exd6 $15 {[%csl Re2][%cal Gf8e8,Ge8e1]}) 12... Nc6 $1 $44 (12...
b4 $2 13. Ne4 d5 14. Ned2 $16 {[%csl Rc5][%cal Gd2b3]}) 13. O-O-O (13. cxd6
exd6 14. O-O-O Qa5 $44) 13... Qa5 $1 {[%csl Ra2,Yc1,Rc3][%cal Gb5b4]} (13...
dxe5 $2 14. Bxg6 Qc7 15. Be4 $16) 14. Kb1 $6 (14. cxd6 $142 $1 exd6 15. Be4 {
[%cal Re4a8] /\15...b4 16.Rd5+/-} Rfd8 $14) 14... dxe5 (14... b4 $143 15. Nd5
dxc5 16. Be4 $1 $16 {[%cal Ge4b7] /\g4,><h6}) 15. fxe5 Rad8 16. Bf2 $14 {
[%csl Re5][%cal Gh1e1]} b4 $1 17. Ne4 Nxe5 18. Nxe5 Bxe5 19. g4 (19. Nd2 $142
$5 {[%csl Re5][%cal Gd2b3,Gd2c4]}) 19... f6 $5 $13 {[%csl Re5][%cal Gh6f7]} 20.
Rhe1 Nf7 21. Nd2 $5 {[%cal Gd2c4,Gd2b3]} (21. Bc4 $5 {/^a2-g8}) 21... Qa4 22.
Be4 $6 (22. Bc4 $142 {+/=/+/-}) 22... Bxe4 23. Qxe4 $6 (23. Nxe4 $142 Rxd1+ 24.
Rxd1 Rc8 25. Qc4 Qc6 $14) 23... Qd7 $1 {[%csl Yd1,Yd2][%cal Gd7d1]} 24. Qe2 $14
(24. h4 $5) 24... Qb7 25. Nf3 a5 26. Rd3 $6 (26. Nxe5 Nxe5 27. Bg3 $14 (27. Bd4
$5 Qf3 28. Qa6 $36)) 26... Rxd3 27. cxd3 Bb8 $1 {[%csl Yc6,Yd5][%cal Gf8d8] /
\Rd8,><c6,d5} 28. d4 Rd8 29. Qe4 $5 (29. h4 e5 $5 $13) 29... Qxe4+ 30. Rxe4 e5
$1 $11 {/\f5} (30... Kf8 31. Kc2 $14 {[%csl Rc5,Rd4][%cal Gc2b3,Gb3c4,Gc5c6,
Gd4d5]}) 31. dxe5 (31. Re2 $5) 31... Nxe5 32. Nxe5 Bxe5 {_|_} 33. Kc2 {><d1-d3}
Kf7 (33... Bxb2 $4 34. Kxb2 Rd2+ 35. Kb1 Rxf2 36. c6 Rf1+ 37. Kc2 Rf3 (37...
Rf2+ 38. Kd1 Rf1+ 39. Re1 $18) 38. Rc4 $18) 34. g5 $6 (34. Re2 $5 {[%csl Ra5,
Rb4][%cal Gc2a4]} a4 (34... h5 $5) 35. Re4 a3 36. bxa3 bxa3 37. Re3 $14) 34...
Rd5 $5 (34... Bxb2 $5 35. Kxb2 Rd2+ 36. Kb1 Rxf2 37. c6 Rf1+ 38. Kb2 Rf2+ $8 (
38... Rf3 $2 39. Rc4 Rc3 40. Rxc3 bxc3+ 41. Kxc3 Ke6 42. gxf6 $18) 39. Kc1 Rf1+
40. Kd2 Rf2+ 41. Kd1 $11 (41. Kd3 $2 Rf3+ (41... Rxa2 $2 42. Rc4 b3 43. c7 b2
44. Kc2 $1 $18) 42. Kc4 Rxh3 $17)) 35. gxf6 Kxf6 36. c6 Bc7 (36... Kf5 $5 37.
Rc4 (37. Rxe5+ $4 Rxe5 $8 38. c7 Re8 39. Bh4 g5 $19) 37... Bc7 $11) 37. h4 Rd6
38. Rc4 Re6 $11 {[%csl Rb2,Rf2][%cal Ge6e2]} 39. Kb3 Re2 40. Ba7 Ke6 {[%csl
Rc6][%cal Ge6d5]} 41. Ka4 $4 {/\Kb5,Bb6} (41. a3 $5 Kd5 42. axb4 (42. Rc5+ Kd6
43. axb4 axb4 44. Rc4 Kd5 45. Rc5+ Kd6 $11) 42... a4+ 43. Kc3 Rc2+ $1 (43...
Be5+ $2 44. Kd3 Rd2+ 45. Kxd2 Kxc4 46. Bb6 $18) 44. Kxc2 Kxc4 45. Bc5 h6 46.
Bf8 Bg3 47. Bxh6 Kxb4 $11) 41... Rxb2 42. Kb5 Rxa2 43. Bb6 Bh2 $4 (43... b3 $1
44. Rc1 (44. Bxc7 b2 45. Re4+ $8 Kf7 46. Rf4+ Kg8 $1 47. Rf1 Ra1 48. Be5 Rxf1
49. Bxb2 Rb1 50. c7 Rxb2+ $19) 44... Bxb6 45. Kxb6 Rc2 46. Rb1 a4 47. c7 (47.
Kb5 a3 48. Rxb3 Rb2 $1 49. c7 (49. Kb4 Rxb3+ 50. Kxb3 Kd6 $19) 49... Rxb3+ 50.
Kc4 Kd7 $19) 47... b2 48. Kb7 a3 $19) 44. c7 Bxc7 45. Bxc7 b3 46. Bxa5 $14 Rc2
47. Rb4 b2 48. Bd8 (48. Bd8 h6 {/\Kf5,g5+/=/=}) 1/2-1/2

[Event "RUS-Cup02"]
[Site "Moscow"]
[Date "1998.??.??"]
[Round "7"]
[White "Kotsur, Pavel"]
[Black "Sakaev, Konstantin"]
[Result "0-1"]
[WhiteElo "2500"]
[BlackElo "2620"]
[Annotator "Yudasin,L"]
[PlyCount "138"]
[EventDate "1998.01.21"]
[EventType "swiss"]
[EventRounds "9"]
[EventCountry "RUS"]
[SourceTitle "CBM 063"]
[Source "ChessBase"]
[SourceDate "1998.03.26"]
[SourceVersion "1"]
[SourceVersionDate "1998.03.26"]
[SourceQuality "1"]

1. e4 g6 2. d4 Bg7 3. Nc3 d6 4. f4 Nf6 5. Nf3 O-O 6. Bd3 (6. Be3 b6) 6... Nc6
7. O-O (7. a3 Bg4 8. Be3 e5) 7... Nb4 8. Be2 b6 $5 (8... c6 9. a3 Na6 10. Bxa6
bxa6 11. h3 $36) 9. a3 Na6 10. e5 (10. b4 c5 11. dxc5 Nxe4) 10... Ne8 11. Ne4
c5 (11... Bb7 12. Bd3 c5 13. Qe2 Nac7 14. c3 $13) 12. c3 Bb7 13. Bd3 {/\f5!?}
e6 14. Qe2 Nac7 15. exd6 $1 (15. Rd1 cxd4 16. cxd4 Nd5 $132) 15... Nxd6 16.
dxc5 Nxe4 17. Bxe4 Bxe4 18. Qxe4 bxc5 19. Qc6 Nd5 20. Qxc5 Qb8 $146 21. Qc4 Rc8
22. Qe4 Qb6+ $6 (22... Qb3 $5) 23. Kh1 Qb5 24. Re1 (24. Qe1 Rc4 {/\a5-a4}) (24.
Rd1 Rab8 25. a4 Qb3) 24... Rab8 25. Ne5 $1 Nb6 (25... Qb3 26. a4) 26. a4 Qd5 $1
27. Qxd5 (27. Qe2 Rd8 (27... Qb7 $5) (27... a5 $5) 28. a5 Nd7 29. c4 Qa8 $13)
27... Nxd5 $146 28. Kg1 a6 29. Kf2 Rb7 30. Re2 Nb6 31. Ra2 (31. a5 Nd5 $146)
31... h5 32. g3 Nd5 33. Ra1 $5 (33. Kf3 Rb3 34. Bd2 Nb6 $13) 33... Nb6 (33...
Bf8 $1 $132 {/\Bc5,Bd6}) 34. a5 Nd5 35. Be3 $5 (35. Ra2 $13) 35... g5 $1 36.
Nd3 (36. Nf3 gxf4 37. Bxf4 Nxf4 38. gxf4 Rc5) 36... gxf4 37. gxf4 $1 (37. Nxf4
Nxf4 38. Bxf4 Rb5 $10) 37... Rb5 38. Kf3 Kh7 39. Bf2 Rd8 $1 (39... Rc4 40. Re4
Rxe4 41. Kxe4 f5+ 42. Kf3 Bf8 $14) (39... Bf8 40. Ra4 Rd8 41. Ne5) 40. Nc5 (40.
c4 $2 Rb3) 40... Nc7 41. Ra3 (41. Ra2 Bf8 42. Ne4 Rd3+ 43. Re3 Rd1 $13) 41...
Rbb8 $132 {/\Rd1,Rbd8} 42. Ra1 Rd5 43. Be3 $6 (43. Rg1 $14) 43... Rf5 $1 44.
Ra4 Bh6 45. Ne4 (45. Nd3 Rd8 46. Ne5 Rd1) 45... Nd5 46. Ng3 Nxe3 47. Rxe3 (47.
Kxe3 Re5+ 48. Kf3 Rxe2) 47... Rd5 48. b4 Rc8 (48... h4 49. Ne2 Rc8 50. Ra2 Rc4
$13) 49. Ra2 Rc4 50. Ne2 Bg7 $146 51. Rc2 $2 (51. Ra3 Rd2) (51. Re4 Rd3+ 52.
Re3 Rxe3+ (52... Rd5 $10) 53. Kxe3 Bxc3 54. Kd3) 51... e5 $1 52. f5 $2 (52.
fxe5 Bh6 $17) (52. Re4 Rd3+ 53. Re3 e4+ 54. Kf2 Rd5 55. Ng3 $2 Bd4) 52... Bh6
53. Ng3 Bxe3 54. Kxe3 Rd1 55. Nxh5 Kh6 56. Ng3 Kg5 57. Ke2 (57. Rg2 Rxc3+ 58.
Ke2 Rc2+) 57... Rd8 58. Ke3 Rd1 59. Ke2 Rd8 60. Ke3 Kg4 61. Ne4 (61. f6 e4 62.
Nxe4 Re8 63. Rg2+ Kh3 64. Rg3+ Kh4) 61... Kxf5 $17 62. Rf2+ Kg6 63. Rg2+ $2 (
63. Rf6+ Kg7 64. Rxa6 Rh8 65. Kd3 Rc7 $17) 63... Kh6 64. Rf2 Kg7 $1 65. Rf5 f6
$1 66. Nxf6 (66. h4 Rd1 67. Nxf6 Kg6 68. Rf2 Rxc3+ 69. Ke2 Rc2+ 70. Kxd1 Rxf2
71. Nd7 e4 72. Nc5 e3 73. Nxa6 Kf5 74. Nc5 Ra2 $19) 66... Rxc3+ 67. Ke4 Rc4+
68. Kxe5 Rxb4 69. Ke6 Rd2 {-/+ 70.Rg5 Kh6 71.Re5 Rh2 Yudasin} 0-1

[Event "Moscow-B"]
[Site "Moscow"]
[Date "1986.03.24"]
[Round "11"]
[White "Zaitsev, Igor A"]
[Black "Konopka, Michal"]
[Result "1-0"]
[WhiteElo "2400"]
[BlackElo "2305"]
[Annotator "Zaitsev,I"]
[PlyCount "59"]
[EventDate "1986.03.??"]
[EventType "tourn"]
[EventRounds "11"]
[EventCountry "URS"]
[EventCategory "7"]
[SourceTitle "EXT 2002"]
[Source "ChessBase"]
[SourceDate "2001.11.25"]
[SourceVersion "1"]
[SourceVersionDate "2001.11.25"]
[SourceQuality "1"]

{Inf.41/130} 1. e4 d6 2. d4 Nf6 3. Nc3 g6 4. f4 Bg7 5. Nf3 c5 6. Bb5+ Bd7 7. e5
Ng4 8. e6 Bxb5 9. exf7+ Kd7 10. Nxb5 Qa5+ 11. Nc3 cxd4 12. Nxd4 Bxd4 13. Qxd4
Nc6 14. Qd2 h5 (14... Rhf8 15. Nd5 (15. b4 $6 Nxb4 16. Rb1 Rac8 $1 $17) (15. h3
{- Inf.3/154}) 15... Qxd2+ 16. Bxd2 Rxf7 17. h3 Nf6 18. Nxf6+ exf6 19. O-O $11)
15. b3 Rhf8 16. Bb2 Rxf7 $6 (16... Qc5 $1 17. Ne4 (17. Nd5 e6 18. h3 Nf2) (17.
O-O-O Qe3 18. Nd5 Qxd2+ 19. Rxd2 Rxf7 (19... e6 20. h3 $16) 20. g3 (20. h3 Nh6
21. g4 hxg4 22. hxg4 Nxg4 23. Rg2 (23. Rh4 Nf6 24. Bxf6 exf6 25. Rh6 Rg8 26. f5
Ne5) 23... e6 24. Rxg4 exd5 25. Rxg6 Ne7 $11) 20... Raf8 $11) 17... Qe3+ 18.
Qxe3 Nxe3 19. Kd2 (19. Ng5 Nxc2+ 20. Kd2 Nxa1 21. Bg7 e6 22. Rxa1 Ke7 23. Re1
Rxf7 24. Rxe6+ Kd7) 19... Nxg2 20. Ng5 Nxf4 21. Bg7 (21. Raf1 e5) 21... Ne6 22.
Bxf8 $11) 17. O-O-O Qf5 $6 (17... Raf8 18. g3 Kc8 19. Qe2 $14) 18. g3 Rc8 19.
Rhe1 $1 $16 Rh7 {[/\ Qf8]} (19... Kc7 20. Rxe7+ $1 Rxe7 21. Qxd6+ Kb6 22. Nd5+
$18) 20. Ne4 Kc7 21. h3 Nh6 22. Nxd6 $1 $18 (22. Ng5 Kb8 23. Nxh7 (23. Re2 $16)
23... Nb4 $13) 22... exd6 23. Qxd6+ Kb6 24. Rd5 Qf8 $8 {[><a3]} 25. Bd4+ Ka6
26. Qxg6 Qb4 (26... b6 27. Qd3+ Kb7 28. Qxh7+) 27. Ree5 Rhc7 28. Qd3+ b5 29.
Rxb5 Qxd4 (29... Nxe5 30. Rb6+ Ka5 31. Ra6#) 30. Rb6+ $1 (30. Rb6+ Kxb6 31.
Qb5#) 1-0